Cálculo financiero / (Record no. 63463)

MARC details
000 -LEADER
campo de control de longitud fija 00510nam a2200181 i 4500
001 - NÚMERO DE CONTROL
campo de control 63463
003 - IDENTIFICADOR DE NÚMERO DE CONTROL
campo de control ES-MaACL
005 - FECHA Y HORA DE LA ÚLTIMA TRANSACCIÓN
campo de control 20250903014224.0
007 - CAMPO FIJO DE DESCRIPCIÓN FÍSICA--INFORMACIÓN GENERAL
campo de control de longitud fija t|
008 - DATOS DE LONGITUD FIJA--INFORMACIÓN GENERAL
campo de control de longitud fija 031210s1941 sp ||||1| spa d
100 1# - ENTRADA PRINCIPAL--NOMBRE DE PERSONA
Nombre de persona Ferrer Jaume, Luis.
9 (RLIN) 50479
245 10 - MENCIÓN DEL TÍTULO
Título Cálculo financiero /
Mención de responsabilidad, etc. por Luis Ferrer Jaume.
260 ## - PUBLICACIÓN, DISTRIBUCIÓN, ETC.
Lugar de publicación, distribución, etc. Barcelona :
Nombre del editor, distribuidor, etc. Labor,
Fecha de publicación, distribución, etc. 1941 (
Fabricante Galve)
300 ## - DESCRIPCIÓN FÍSICA
Extensión XV, 511 p. ;
Dimensiones 25 cm.
650 #7 - PUNTO DE ACCESO ADICIONAL DE MATERIA--TÉRMINO DE MATERIA
Término de materia o nombre geográfico como elemento de entrada Matemáticas financieras
Fuente del encabezamiento o término embne
9 (RLIN) 151789
852 ## - LOCALIZACIÓN
Ubicación ES-MaACL
Número de control de estantería F-15283
Holdings
Estatus retirado Estado de pérdida Estado de daño No para préstamo Biblioteca de origen Biblioteca actual Ubicación en estantería Fecha de adquisición Fuente de adquisición Total de préstamos Signatura topográfica completa Código de barras Visto por última vez Precio de reemplazo Tipo de ítem Koha
        Biblioteca del Ateneo de Madrid Biblioteca del Ateneo de Madrid Sala Pecera Planta 2 17/01/2008     F-15283 1066520 23/02/2023 23/02/2023 Libro impreso